|
|
|
|
| LEADER |
01687cam a22003611i 4500 |
| 001 |
1580477 |
| 003 |
GR-PaULI |
| 005 |
20230601102832.0 |
| 008 |
171213s1994 enk f b 001 0 eng d |
| 010 |
|
|
|a 93038834
|
| 020 |
|
|
|a 0521433592 (hbk)
|
| 020 |
|
|
|a 9780521433594 (hbk)
|
| 020 |
|
|
|a 0521032008 (pbk)
|
| 020 |
|
|
|a 9780521032001 (pbk)
|
| 040 |
|
|
|a DLC
|c DLC
|d DLC
|d GR-PaULI
|b gre
|e AACR2
|
| 082 |
0 |
4 |
|a 809.914 5
|2 23
|
| 100 |
1 |
|
|a Isbell, John Claiborne.
|9 166085
|e συγγραφέας
|
| 245 |
1 |
4 |
|a The birth of European romanticism :
|b truth and propaganda in Staël's "De l'Allemagne", 1810-1813 /
|c John Claiborne Isbell.
|
| 260 |
|
|
|a Cambridge [England] ;
|a New York :
|b Cambridge University Press,
|c 1994.
|
| 300 |
|
|
|a xiii, 269 σ. ;
|c 23 εκ.
|
| 490 |
1 |
|
|a Cambridge studies in French.
|
| 504 |
|
|
|a Περιλαμβάνει βιβλιογραφία και ευρετήριο.
|
| 600 |
1 |
4 |
|a Stael, Madame de
|q (Anne Louise Germaine),
|d 1766-1817
|9 63226
|
| 650 |
|
4 |
|a Γαλλική λογοτεχνία
|x Γερμανικές επιδράσεις.
|9 166086
|
| 650 |
|
4 |
|a Ρομαντισμός
|z Ευρώπη
|9 81581
|
| 650 |
|
4 |
|a Ρομαντισμός
|z Γαλλία
|9 62086
|
| 830 |
|
0 |
|9 156080
|a Cambridge studies in French.
|
| 856 |
4 |
2 |
|3 Publisher description
|u http://www.loc.gov/catdir/description/cam026/93038834.html
|
| 856 |
4 |
1 |
|3 Table of contents
|u http://www.loc.gov/catdir/toc/cam029/93038834.html
|
| 942 |
|
|
|2 ddc
|c BK15
|
| 952 |
|
|
|0 0
|1 0
|2 ddc
|4 0
|6 809_914000000000000_5_ISA
|7 0
|9 218117
|a THST
|b THST
|d 2017-12-13
|i 008976
|l 0
|o 809.914 5 ISA
|p 025000199853
|r 2017-12-13 00:00:00
|t 1
|v 2017.00
|w 2017-12-13
|y BK15
|
| 998 |
|
|
|c ΜΑΝΙΑ
|d 2017-12
|
| 999 |
|
|
|c 132145
|d 132145
|